Franklin or Confucius? Quiz Stats

 Plays Quiz Updated Nov 20, 2015

Also try: Greek or Latin?
Challenge
Share
Tweet
Embed
Score 0/20 Timer 03:00
0 Plays Today
Proverb F or C % Correct
Rebellion against tyrants is obedience to God.???
74.7%
Guests like fish stink after three days.???
73.4%
Never leave to tomorrow what you can do today.???
72.5%
If a man takes no thought about what is distant, he will find sorrow near at hand.???
71.5%
Three can keep a secret if two of them are dead.???
71.3%
What you do not want done to yourself, do not do to others.???
70.9%
To err is human, to repent divine, to persist devilish.???
68.2%
Well done is twice done.???
68.2%
Everything has its beauty but not everyone sees it.???
67.9%
No better relation than a prudent & faithful friend.???
65.8%
Proverb F or C % Correct
It does not matter how slowly you go so long as you do not stop.???
62.6%
To go beyond is as wrong as to fall short.???
62.5%
Virtue is not left to stand alone. He who practices it will have neighbors.???
60.3%
Recompense injury with justice, and recompense kindness with kindness.???
58.2%
The cautious seldom err.???
51.2%
Learning without thought is labor lost; thought without learning is perilous.???
49.1%
Who has deceived thee so oft as thyself????
48.8%
Better slip with foot than tongue.???
46.7%
Our greatest glory is not in not falling but in getting up when we do.???
41.3%
Write your injuries in dust, your benefits in marble.???
38.3%

You're not logged in!

Compare scores with friends on all Sporcle quizzes.
Join for Free
OR
Log In

You Might Also Like...

Show Comments

Extras

Top Quizzes Today


Score Distribution

Your Account Isn't Verified!

In order to create a playlist on Sporcle, you need to verify the email address you used during registration. Go to your Sporcle Settings to finish the process.

Report this User

Report this user for behavior that violates our Community Guidelines.

Details: